Psalms, Proverbs, Ecclesiastes, Song of songs / (Record no. 25283)

MARC details
000 -LEADER
fixed length control field 01515nam a2200361Ii 4500
001 - CONTROL NUMBER
control field 1341231889
003 - CONTROL NUMBER IDENTIFIER
control field AUA.1
005 - DATE AND TIME OF LATEST TRANSACTION
control field 20251121092249.0
008 - FIXED-LENGTH DATA ELEMENTS--GENERAL INFORMATION
fixed length control field 220816s2022 idu b 000 0 eng d
020 ## - INTERNATIONAL STANDARD BOOK NUMBER
International Standard Book Number 9780816368464
020 ## - INTERNATIONAL STANDARD BOOK NUMBER
International Standard Book Number 0816368465
035 ## - SYSTEM CONTROL NUMBER
System control number (OCoLC)1341231889
040 ## - CATALOGING SOURCE
Original cataloging agency OH6
Language of cataloging eng
Transcribing agency OH6
Modifying agency EXN
050 ## - LIBRARY OF CONGRESS CALL NUMBER
Classification number BS1405.52
Item number .S48 2022
245 00 - TITLE STATEMENT
Title Psalms, Proverbs, Ecclesiastes, Song of songs /
Statement of responsibility, etc [edited by Jacques B. Doukhan]
246 1# - VARYING FORM OF TITLE
Display text At head of title :
Title proper/short title Seventh-day Adventist International Bible Commentary.
260 ## - PUBLICATION, DISTRIBUTION, ETC. (IMPRINT)
Place of publication, distribution, etc Nampa, ID :
Name of publisher, distributor, etc Pacific Press;
-- Review and Herald;
-- Foundation for Adventist Education and the Zinke Family;
Date of publication, distribution, etc c2022.
300 ## - PHYSICAL DESCRIPTION
Extent 1391 pages ;
Dimensions 24 cm.
490 1# - SERIES STATEMENT
Series statement Seventh-day Adventist International Bible Commentary ;
Volume number/sequential designation v. 6.
500 ## - GENERAL NOTE
General note Initiated and Sponsored by The Foundation For Adventist Education and the Zinke Family.
504 ## - BIBLIOGRAPHY, ETC. NOTE
Bibliography, etc Includes bibliographical references.
630 00 - SUBJECT ADDED ENTRY--UNIFORM TITLE
Uniform title Bible.
Name of part/section of a work Psalms
Form subdivision Commentaries.
630 00 - SUBJECT ADDED ENTRY--UNIFORM TITLE
Uniform title Bible.
Name of part/section of a work Proverbs
Form subdivision Commentaries.
9 (RLIN) 45264
630 00 - SUBJECT ADDED ENTRY--UNIFORM TITLE
Uniform title Bible.
Name of part/section of a work Ecclesiastes
Form subdivision Commentaries.
630 00 - SUBJECT ADDED ENTRY--UNIFORM TITLE
Uniform title Bible.
Name of part/section of a work Song of Solomon
Form subdivision Commentaries.
700 1# - ADDED ENTRY--PERSONAL NAME
Personal name Doukhan, Jacques,
Relator term editor.
-- author.
700 1# - ADDED ENTRY--PERSONAL NAME
Personal name Klingbeil, Martin,
Relator term author.
700 1# - ADDED ENTRY--PERSONAL NAME
Personal name Santrac, Dragoslav,
Relator term author.
700 1# - ADDED ENTRY--PERSONAL NAME
Personal name Tasker, David R.,
Relator term author.
700 1# - ADDED ENTRY--PERSONAL NAME
Personal name Davidson, Richard M..
Relator term author.
830 #0 - SERIES ADDED ENTRY--UNIFORM TITLE
Uniform title Seventh-day Adventist International Bible commentary ;
Volume number/sequential designation v. 6.
942 ## - ADDED ENTRY ELEMENTS (KOHA)
Source of classification or shelving scheme Library of Congress Classification
Koha item type Reference Book
Classification part BS 1405.52
Item part .S48 2022
Holdings
Withdrawn status Lost status Source of classification or shelving scheme Damaged status Not for loan Collection code Home library Current library Shelving location Date acquired Source of acquisition Cost, normal purchase price Serial Enumeration / chronology Total Checkouts Full call number Barcode Date last seen Cost, replacement price Price effective from Koha item type
    Library of Congress Classification     Reference Shelves Judith Thomas Library Judith Thomas Library Reference Books 21/11/2025 Bought by JTL 60.00 AUA28034   BS 1405.52 .S48 2022 AUA28034 21/11/2025 60.00 21/11/2025 Reference Book